[Event "Senta Fantastico IM 10"]
[Site "Senta"]
[Date "2023.10.26"]
[Round "6.2"]
[White "Ribeiro, Gustavo"]
[Black "Kolagatla, Alana Meenakshi"]
[Result "1-0"]
[WhiteElo "2187"]
[BlackElo "2131"]
[PlyCount "77"]
[EventDate "2023.10.23"]
[EventType "tourn"]
[EventRounds "9"]
[EventCountry "SRB"]
[SourceTitle "Mega2024 Update 01"]
[Source "Chessbase"]
[SourceDate "2023.11.12"]
[SourceVersion "1"]
[SourceVersionDate "2023.11.12"]
[SourceQuality "1"]
[WhiteTeam "Team D"]
[BlackTeam "Team C"]
[WhiteTeamCountry "SRB"]
[BlackTeamCountry "SRB"]

1. e4 c5 2. Nf3 d6 3. d4 cxd4 4. Nxd4 Nf6 5. Nc3 a6 6. h3 e5 7. Nde2 Be6 8. g4 d5 9. exd5 Nxd5 10. Bg2 Nxc3 11. Qxd8+ Kxd8 12. Nxc3 Kc7 13. Nd5+ Bxd5 14. Bxd5 f6 15. Be3 Nc6 16. 0-0-0 Be7 17. c3 Rhd8 18. h4 b5 19. h5 Rac8 20. Be4 h6 21. Rxd8 Rxd8 22. Rd1 Rxd1+ 23. Kxd1 Na5 24. b3 Nb7 25. Bxb7 Kxb7 26. Ke2 Kc6 27. Kd3 Kd5 28. c4+ Ke6 29. Ke4 bxc4 30. bxc4 Bf8 31. Bb6 Bd6 32. c5 Bb8 33. c6 Kd6 34. c7 Bxc7 35. Bxc7+ Kxc7 36. Kf5 e4 37. Kg6 Kd6 38. Kxg7 Ke5 39. Kxh6 1-0

[Event "SRB-chT (Women) Div1"]
[Site "Senta"]
[Date "2023.10.20"]
[Round "11.1"]
[White "Kolagatla, Alana Meenakshi"]
[Black "Rapport, Jovana"]
[Result "0-1"]
[WhiteElo "2131"]
[BlackElo "2324"]
[PlyCount "82"]
[EventDate "2023.10.10"]
[EventType "team-tourn"]
[EventRounds "11"]
[EventCountry "SRB"]
[SourceTitle "Mega2024 Update 01"]
[Source "Chessbase"]
[SourceDate "2023.11.12"]
[SourceVersion "1"]
[SourceVersionDate "2023.11.12"]
[SourceQuality "1"]
[WhiteTeam "Novi Sad Sah Kruzok (W)"]
[BlackTeam "Belgrade Crvena Zvezda (W)"]
[WhiteTeamCountry "SRB"]
[BlackTeamCountry "SRB"]

1. e4 e6 2. d4 d5 3. Nc3 Bb4 4. e5 c5 5. a3 Bxc3+ 6. bxc3 Nc6 7. Qg4 g6 8. Nf3 Qa5 9. Bd2 c4 10. Be2 Bd7 11. 0-0 0-0-0 12. Rfb1 Rf8 13. Ra2 f5 14. Qh4 Nd8 15. h3 h6 16. Bg5 Nf7 17. Be7 g5 18. Bb4 Qxb4 19. axb4 gxh4 20. Rxa7 Kc7 21. Nxh4 Ne7 22. f4 Rhg8 23. Bh5 Rg3 24. Nf3 Nh8 25. Kf2 Rfg8 26. Rg1 Kb6 27. Ra3 R3g7 28. Nh4 Nc6 29. Rga1 Be8 30. Bxe8 Rxe8 31. Ra8 Reg8 32. Rxg8 Rxg8 33. Kf3 h5 34. Kf2 Na7 35. Re1 Nb5 36. Re3 Na3 37. Re2 Nb1 38. Re3 Nd2 39. Kg1 Ne4 40. Kh2 Ng6 41. Nxg6 Rxg6 0-1

[Event "Skopje op"]
[Site "Skopje"]
[Date "2022.10.24"]
[Round "5"]
[White "Kolagatla, Alana Meenakshi"]
[Black "Jancev, Valentin"]
[Result "1-0"]
[WhiteElo "1983"]
[BlackElo "1706"]
[PlyCount "37"]
[EventDate "2022.10.21"]
[EventType "swiss"]
[EventRounds "9"]
[EventCountry "MKD"]
[SourceTitle "EXT 2024"]
[Source "ChessBase"]
[SourceDate "2023.10.10"]
[SourceVersion "1"]
[SourceVersionDate "2023.10.10"]
[SourceQuality "1"]

1. e4 e6 2. d4 d5 3. Nc3 dxe4 4. Nxe4 Bd7 5. Bd3 Bc6 6. Nf3 Nd7 7. 0-0 Ngf6 8. Ng3 Be7 9. b3 0-0 10. Bb2 b6 11. c4 Bxf3 12. Qxf3 Bd6 13. Rfe1 Re8 14. Rad1 Bxg3 15. Qxg3 Qc8 16. d5 exd5 17. Bf5 Rxe1+ 18. Rxe1 g6 19. Bxf6 1-0

[Event "Budapest FS08 Nadassy"]
[Site "Budapest"]
[Date "2022.08.14"]
[Round "8.5"]
[White "Szalanczy, Emil"]
[Black "Kolagatla, Alana Meenakshi"]
[Result "0-1"]
[WhiteElo "2032"]
[BlackElo "1829"]
[PlyCount "116"]
[EventDate "2022.08.06"]
[EventType "tourn"]
[EventRounds "12"]
[EventCountry "HUN"]
[SourceTitle "CBM 209 Extra"]
[Source "ChessBase"]
[SourceDate "2022.09.30"]
[SourceVersion "1"]
[SourceVersionDate "2022.09.30"]
[SourceQuality "1"]
[WhiteTeam "Team Higher Elo"]
[BlackTeam "Team Lower Elo"]
[WhiteTeamCountry "HUN"]
[BlackTeamCountry "HUN"]

1. c4 Nf6 2. g3 e6 3. Bg2 d5 4. Nf3 Be7 5. 0-0 0-0 6. b3 c5 7. Na3 Nbd7 8. d3 b6 9. Bf4 a6 10. Nc2 Bb7 11. a4 Re8 12. a5 b5 13. Ne5 Nxe5 14. Bxe5 Nd7 15. Bb2 Bf6 16. Qc1 Qc7 17. Ne3 Bxb2 18. Qxb2 Nf6 19. Rfc1 d4 20. Bxb7 Qxb7 21. Ng2 b4 22. e4 dxe3 23. fxe3 e5 24. Rf1 Rad8 25. Rad1 Qc7 26. e4 Qxa5 27. Rxf6 gxf6 28. Ne3 Qc7 29. Qa2 Re6 30. Kf2 Qd6 31. Ke2 Qf8 32. h4 Qg7 33. Qa5 Rc8 34. Kf3 Kh8 35. Rd2 Rg8 36. Rg2 Rc6 37. h5 Qh6 38. g4 Rd6 39. Ke2 Qg5 40. Qxc5 Rgd8 41. Nd5 Qc1 42. Qxb4 Qb2+ 43. Qd2 Qxb3 44. Rf2 Qb1 45. g5 Rb8 46. Rf1 Qb2 47. gxf6 Qd4 48. Rc1 Rb2 49. Rc2 Rxc2 50. Qxc2 Rd8 51. Kf3 Qg1 52. c5 Rg8 53. Qf2 Qh1+ 54. Ke3 Qh3+ 55. Ke2 Rg2 56. c6 Rxf2+ 57. Kxf2 Qxd3 58. c7 Qc2+ 0-1

[Event "Budapest FS08 Nadassy"]
[Site "Budapest"]
[Date "2022.08.12"]
[Round "6.1"]
[White "Kolagatla, Alana Meenakshi"]
[Black "Farago, Sandor"]
[Result "0-1"]
[WhiteElo "1829"]
[BlackElo "2123"]
[PlyCount "49"]
[EventDate "2022.08.06"]
[EventType "tourn"]
[EventRounds "12"]
[EventCountry "HUN"]
[SourceTitle "CBM 209 Extra"]
[Source "ChessBase"]
[SourceDate "2022.09.30"]
[SourceVersion "1"]
[SourceVersionDate "2022.09.30"]
[SourceQuality "1"]
[WhiteTeam "Team Lower Elo"]
[BlackTeam "Team Higher Elo"]
[WhiteTeamCountry "HUN"]
[BlackTeamCountry "HUN"]

1. e4 c5 2. Nf3 Nc6 3. d4 cxd4 4. Nxd4 Nf6 5. Nc3 d6 6. Be3 Ng4 7. Bc1 Qb6 8. Bb5 Bd7 9. Bxc6 bxc6 10. 0-0 g6 11. h3 Bg7 12. Nf3 Ne5 13. Nxe5 Bxe5 14. Qd3 0-0 15. b3 Qb4 16. Bb2 f5 17. a3 Qd4 18. Qe2 Bf6 19. Rad1 Qe5 20. Na4 Qxe4 21. Qd2 Bxb2 22. Nxb2 Rf7 23. Rfe1 Qh4 24. Nc4 Qf6 25. Ne3 0-1

[Event "FIDE Youth Super Final U10 g"]
[Site "Tornelo INT"]
[Date "2021.12.22"]
[Round "10"]
[White "Kolagatla, Alana Meenakshi"]
[Black "Preobrazhenskaya, Diana"]
[Result "0-1"]
[WhiteElo "1829"]
[BlackElo "1789"]
[PlyCount "58"]
[EventDate "2021.12.18"]
[EventType "tourn (rapid)"]
[EventRounds "10"]
[EventCountry "NET"]
[SourceTitle "EXT 2023"]
[Source "ChessBase"]
[SourceDate "2022.10.05"]
[SourceVersion "1"]
[SourceVersionDate "2022.10.05"]
[SourceQuality "1"]

1. d4 d5 2. Nf3 Nf6 3. g3 c5 4. Bg2 cxd4 5. Qxd4 Nc6 6. Qd1 e5 7. 0-0 e4 8. Nd4 Bc5 9. Be3 Qb6 10. Nxc6 Bxe3 11. fxe3 Qxe3+ 12. Kh1 bxc6 13. Nc3 0-0 14. Qc1 Ng4 15. Qxe3 Nxe3 16. Rfc1 Ba6 17. Kg1 f5 18. Kf2 d4 19. Nd1 Ng4+ 20. Kg1 Bxe2 21. Nf2 Ne3 22. c3 d3 23. b3 d2 24. Rcb1 Nc2 25. Nd1 Rad8 26. Kf2 Bxd1 27. Rxd1 Nxa1 28. Rxa1 d1Q 29. Rxd1 Rxd1 0-1

[Event "FIDE Youth Super Final U10 g"]
[Site "Tornelo INT"]
[Date "2021.12.21"]
[Round "7"]
[White "Kolagatla, Alana Meenakshi"]
[Black "Akbari, Rosha"]
[Result "0-1"]
[WhiteElo "1829"]
[BlackElo "1380"]
[PlyCount "86"]
[EventDate "2021.12.18"]
[EventType "tourn (rapid)"]
[EventRounds "10"]
[EventCountry "NET"]
[SourceTitle "EXT 2023"]
[Source "ChessBase"]
[SourceDate "2022.10.05"]
[SourceVersion "1"]
[SourceVersionDate "2022.10.05"]
[SourceQuality "1"]

1. e4 e5 2. Nf3 Nc6 3. Bb5 a6 4. Ba4 Nf6 5. 0-0 Be7 6. Re1 b5 7. Bb3 0-0 8. h3 Bb7 9. c3 d5 10. exd5 Nxd5 11. d3 Bf6 12. Bc2 Qd7 13. Nbd2 Rad8 14. Ne4 Be7 15. Ng3 Bf6 16. Nxe5 Nxe5 17. d4 Ng6 18. Bf5 Qc6 19. Ne4 Rfe8 20. Bd2 Bc8 21. Bxc8 Rxc8 22. Nxf6+ Nxf6 23. Rxe8+ Rxe8 24. Bg5 h6 25. Bxf6 Qxf6 26. Qd2 Qe7 27. b3 Qe2 28. Qxe2 Rxe2 29. c4 bxc4 30. bxc4 Rc2 31. c5 Rc4 32. Rd1 Ne7 33. g3 Kf8 34. g4 Ke8 35. Kg2 Rc2 36. Kg3 Rxa2 37. d5 Kd7 38. d6 cxd6 39. cxd6 Nc6 40. h4 Ra4 41. g5 hxg5 42. hxg5 Rd4 43. Rxd4 Nxd4 0-1

[Event "Novi Sad TS 219th"]
[Site "Novi Sad"]
[Date "2021.10.29"]
[Round "6.1"]
[White "Kolagatla, Alana Meenakshi"]
[Black "Deze, Vladimir"]
[Result "1/2-1/2"]
[WhiteElo "1555"]
[BlackElo "1990"]
[PlyCount "28"]
[EventDate "2021.10.25"]
[EventType "schev"]
[EventRounds "8"]
[EventCountry "SRB"]
[SourceTitle "CBM 205 Extra"]
[Source "ChessBase"]
[SourceDate "2022.01.31"]
[SourceVersion "1"]
[SourceVersionDate "2022.01.31"]
[SourceQuality "1"]
[WhiteTeam "Team B"]
[BlackTeam "Team A"]
[WhiteTeamCountry "SRB"]
[BlackTeamCountry "SRB"]

1. e4 c5 2. Nf3 b6 3. d4 cxd4 4. Nxd4 Bb7 5. Nc3 a6 6. Be2 g6 7. Be3 Bg7 8. Qd2 b5 9. a3 d6 10. f3 Nc6 11. Nd1 Nf6 12. 0-0 0-0 13. Kh1 Rc8 14. Nb3 Ne5 1/2-1/2

[Event "Novi Sad Put Svile Schev 3rd"]
[Site "Novi Sad"]
[Date "2021.08.05"]
[Round "8.1"]
[White "Kolagatla, Alana Meenakshi"]
[Black "Sijakov, Neven"]
[Result "1-0"]
[WhiteElo "1220"]
[BlackElo "1428"]
[PlyCount "55"]
[EventDate "2021.08.01"]
[EventType "schev"]
[EventRounds "9"]
[EventCountry "SRB"]
[SourceTitle "EXT 2022"]
[Source "ChessBase"]
[SourceDate "2021.10.06"]
[SourceVersion "1"]
[SourceVersionDate "2021.10.06"]
[SourceQuality "1"]
[WhiteTeam "Team B"]
[BlackTeam "Team A"]
[WhiteTeamCountry "SRB"]
[BlackTeamCountry "SRB"]

1. e4 e5 2. Nf3 d6 3. d4 exd4 4. Nxd4 Nf6 5. Nc3 Be7 6. Bc4 0-0 7. f3 Bd7 8. Be3 Nc6 9. a3 h6 10. Qd2 a6 11. 0-0 b5 12. Ba2 Re8 13. Qf2 Nxd4 14. Bxd4 c5 15. Be3 Bc6 16. Qg3 Kf8 17. Rad1 Qb6 18. Qh3 Bd7 19. Qg3 Nh5 20. Qf2 Nf6 21. Qd2 Qc7 22. Bxh6 gxh6 23. Qxh6+ Kg8 24. Qg6+ Kh8 25. Bxf7 Rf8 26. Qh6+ Nh7 27. Bg6 Rf7 28. Bxf7 1-0

[Event "Novi Sad Putnik Schev"]
[Site "Novi Sad"]
[Date "2021.07.24"]
[Round "7"]
[White "Sijakov, Neven"]
[Black "Kolagatla, Alana Meenakshi"]
[Result "0-1"]
[WhiteElo "1451"]
[BlackElo "1120"]
[PlyCount "82"]
[EventDate "2021.07.18"]
[EventType "schev"]
[EventRounds "7"]
[EventCountry "SRB"]
[SourceTitle "EXT 2022"]
[Source "ChessBase"]
[SourceDate "2021.10.06"]
[SourceVersion "1"]
[SourceVersionDate "2021.10.06"]
[SourceQuality "1"]
[WhiteTeam "Theam A"]
[BlackTeam "Theam B"]
[WhiteTeamCountry "SRB"]
[BlackTeamCountry "SRB"]

1. e4 c5 2. d4 cxd4 3. Qxd4 Nc6 4. Qd1 Nf6 5. Nc3 d6 6. Nf3 Bd7 7. Be2 g6 8. a3 Bg7 9. Qd3 a6 10. 0-0 0-0 11. Be3 Na7 12. Rfd1 Nb5 13. Bd4 Nxc3 14. Bxc3 Bb5 15. Qe3 Ng4 16. Qd2 Bh6 17. Qe1 Bg7 18. Bxg7 Kxg7 19. Bxb5 axb5 20. Qe2 Qc7 21. Nd4 Nf6 22. Nxb5 Qc6 23. Nc3 Qb6 24. Rab1 Rfc8 25. Qd3 Qc5 26. Rd2 Qh5 27. h3 Qh4 28. Re2 Nh5 29. Qf3 Rc5 30. Qg4 Qf6 31. g3 Rg5 32. Nd5 Qe5 33. f4 Qd4+ 34. Ne3 Rxg4 35. hxg4 Nxg3 36. Ree1 Nxe4 37. Re2 Rc8 38. Rd1 Qxb2 39. Nd5 Rxc2 40. Rxc2 Qxc2 41. Re1 Qf2+ 0-1

[Event "Wch FIDE Online U10 Girls Asia qual"]
[Site "Tornelo INT"]
[Date "2020.12.13"]
[Round "7"]
[White "Sezdbekova, Aizhan"]
[Black "Kolagatla, Alana Meenakshi"]
[Result "1-0"]
[WhiteElo "1442"]
[BlackElo "1120"]
[PlyCount "89"]
[EventDate "2020.12.11"]
[EventType "swiss (rapid)"]
[EventRounds "7"]
[EventCountry "ISS"]
[SourceTitle "EXT 2022"]
[Source "ChessBase"]
[SourceDate "2021.10.06"]
[SourceVersion "1"]
[SourceVersionDate "2021.10.06"]
[SourceQuality "1"]

1. e4 c5 2. Nf3 d6 3. c3 Nf6 4. Be2 Nc6 5. d4 cxd4 6. cxd4 Nxe4 7. d5 Qa5+ 8. Nc3 Nxc3 9. bxc3 Ne5 10. 0-0 Nxf3+ 11. Bxf3 Qc7 12. Re1 Bf5 13. Bf4 Rc8 14. Rc1 a6 15. h3 Qd7 16. Qd4 e5 17. Bxe5 dxe5 18. Qxe5+ Be7 19. d6 Be6 20. dxe7 Kxe7 21. Bd5 Rc5 22. Qxg7 Qxd5 23. Qxh8 Qxa2 24. Qd4 Rd5 25. Qb4+ Kf6 26. Qh4+ Kg7 27. Re3 Qd2 28. Rg3+ Kf8 29. Rf1 Rd3 30. Qb4+ Ke8 31. Rg8+ Kd7 32. Qxb7+ Kd6 33. Rd8+ Ke5 34. Qc7+ Kf6 35. Rxd3 Qxd3 36. Qf4+ Kg7 37. Qe5+ Kf8 38. Qc5+ Kg7 39. Ra1 Qg6 40. Qd4+ Kh6 41. Rxa6 Qb1+ 42. Kh2 Qb8+ 43. g3 Qb7 44. Qf6+ Kh5 45. Ra5+ 1-0